| 000 | 00977nam a2200253 i 4500 | ||
|---|---|---|---|
| 001 | 189059 | ||
| 003 | SpMaBN | ||
| 005 | 20251120063153.0 | ||
| 008 | 190326s1998 sp a |||| | spa d | ||
| 020 | _a84-88191-33-2 | ||
| 080 | _a737.1(460.357)(091) | ||
| 100 | 1 |
_aMartínez Atienza, Juan Fernando, _d1956- _9166696 |
|
| 245 | 1 | 4 |
_aLas monedas de Granada / _cJuan Fernando Martínez Atienza. |
| 260 |
_aMotril : _bConcejalia de Educación y Cultura, _c[1998] |
||
| 300 |
_a415 p. : _bil. ; _c22 cm. |
||
| 490 | 1 |
_aColección de autores y temas motrileños ; _v9. _aHistoria |
|
| 504 | _aBibliografía: p. 413-415. | ||
| 650 | 7 |
_aMonedas- _zGranada (Provincia) _9166697 |
|
| 830 | 0 | 0 |
_aColección de autores y temas motrileños. _pHistoria _v9. _9225766 |
| 852 |
_aES-MaACL _jA-14445 _9196196 _bR.151826 _cDEPO1 _dOlim: N-7445 _hDonación: José Lázaro |
||
| 903 |
_9234219 _aLázaro García, José _ednr |
||
| 942 |
_2udc _cMONOGRAFIA |
||
| 999 |
_c189059 _d189059 |
||